[Event "Karlsruhe Grenke op"]
[Site "Karlsruhe"]
[Date "2024.03.28"]
[Round "1"]
[White "Engel, Luis"]
[Black "Heinatz, Gundula"]
[Result "1-0"]
[WhiteElo "2547"]
[BlackElo "2116"]
[PlyCount "101"]
[EventDate "2024.03.28"]
[EventType "swiss"]
[EventRounds "9"]
[EventCountry "GER"]
[SourceTitle "CB14_2024"]
[SourceDate "2024.04.01"]
[SourceVersion "1"]
[SourceVersionDate "2024.04.01"]
[SourceQuality "1"]

1. e4 c6 2. d4 d5 3. exd5 cxd5 4. c4 Nf6 5. Nc3 g6 6. cxd5 Bg7 7. Qb3 0-0 8. Be2 Nbd7 9. Bf3 Nb6 10. a4 e6 11. dxe6 Bxe6 12. Qd1 Nbd5 13. Nge2 Qd7 14. 0-0 Rad8 15. Bg5 h6 16. Bxf6 Nxf6 17. Qd3 a6 18. Rfd1 Bf5 19. Qc4 g5 20. Ng3 Bg6 21. h3 Rfe8 22. a5 Re7 23. Na4 h5 24. Nc5 Qc8 25. Qb3 h4 26. Nf1 Nh5 27. Bg4 Qb8 28. Qb4 Bf8 29. Ne3 Nf4 30. Rac1 Nd3 31. Nxd3 Rxe3 32. Nc5 Re7 33. Qd2 Bh6 34. Re1 Rxe1+ 35. Rxe1 Qc7 36. b4 Kh7 37. Qe3 b6 38. Ne4 bxa5 39. Nf6+ Kh8 40. Bh5 Bg7 41. Qxg5 Qd6 42. Bxg6 Qxf6 43. Qh5+ Kg8 44. Bh7+ Kh8 45. Bc2+ Kg8 46. bxa5 Rc8 47. Bb3 Rb8 48. Re3 Rf8 49. Rf3 Qh6 50. Bxf7+ Kh8 51. Rf5 1-0

[Event "SUI-chT"]
[Site "Switzerland"]
[Date "2023.06.25"]
[Round "5.7"]
[White "Jaeggi, Dorian"]
[Black "Heinatz, Gundula"]
[Result "1-0"]
[WhiteElo "2313"]
[BlackElo "2203"]
[PlyCount "93"]
[EventDate "2023.04.16"]
[EventType "team-tourn"]
[EventRounds "9"]
[EventCountry "SUI"]
[SourceTitle "EXT 2024"]
[Source "ChessBase"]
[SourceDate "2023.10.10"]
[SourceVersion "1"]
[SourceVersionDate "2023.10.10"]
[SourceQuality "1"]
[WhiteTeam "Riehen"]
[BlackTeam "Trubschachen"]
[WhiteTeamCountry "SUI"]
[BlackTeamCountry "SUI"]

1. e4 e6 2. d4 d5 3. Nc3 Nf6 4. e5 Nfd7 5. f4 a6 6. Nf3 c5 7. Be3 Nc6 8. Qd2 b5 9. a3 Qb6 10. Be2 cxd4 11. Nxd4 Bc5 12. Rd1 Nxd4 13. Bxd4 Bxd4 14. Qxd4 Qxd4 15. Rxd4 0-0 16. a4 bxa4 17. Nxa4 a5 18. Kd2 Ba6 19. Bf3 Rab8 20. Ra1 Rfc8 21. b3 g5 22. g3 Rc7 23. Nb2 Rbc8 24. Bd1 Nb8 25. fxg5 Nc6 26. Rf4 d4 27. Nd3 Bxd3 28. cxd3 Nb4 29. Rxa5 Nc2 30. Ra2 Nb4 31. Ra4 Nd5 32. Rfxd4 Rb8 33. Rdc4 Rcb7 34. Ra5 Kg7 35. h4 Rd8 36. Rd4 Rc8 37. Bf3 Rxb3 38. Bxd5 Rb2+ 39. Ke3 exd5 40. Raxd5 Rc1 41. Rf4 Rg1 42. Rf3 Re1+ 43. Kf4 Rbe2 44. h5 h6 45. gxh6+ Kxh6 46. Rd6+ Kg7 47. d4 1-0

[Event "Dresden Uhlmann Rapid op"]
[Site "Dresden"]
[Date "2023.05.06"]
[Round "1"]
[White "Eichner, Sebastian"]
[Black "Heinatz, Gundula"]
[Result "1-0"]
[WhiteElo "2313"]
[BlackElo "2161"]
[PlyCount "77"]
[EventDate "2023.05.06"]
[EventType "swiss (rapid)"]
[EventRounds "7"]
[EventCountry "GER"]
[SourceTitle "CBM 214 Extra"]
[Source "ChessBase"]
[SourceDate "2023.07.31"]
[SourceVersion "1"]
[SourceVersionDate "2023.07.31"]
[SourceQuality "1"]

1. d4 d5 2. c4 c6 3. Nc3 Nf6 4. Nf3 dxc4 5. a4 Bf5 6. Ne5 Nbd7 7. Nxc4 Nb6 8. Ne5 a5 9. f3 Nfd7 10. Nxd7 Nxd7 11. e4 Bg6 12. Be3 e6 13. Be2 Bd6 14. 0-0 0-0 15. f4 f5 16. Qb3 Qe7 17. Bc4 Bb4 18. Bxe6+ Kh8 19. e5 Nb6 20. d5 cxd5 21. Bxd5 Nxd5 22. Nxd5 Qe6 23. Rad1 Rfd8 24. Rd3 Bh5 25. Nxb4 Qxb3 26. Rxb3 axb4 27. Rxb4 Be2 28. Rc1 Rd7 29. Kf2 Ba6 30. Rd4 Re7 31. b4 b5 32. a5 g5 33. Rcd1 gxf4 34. Bxf4 Bb7 35. Rd7 Rae8 36. Bg5 Rxd7 37. Rxd7 Bc6 38. Bf6+ Kg8 39. Rg7+ 1-0

[Event "Dresden Uhlmann Rapid op"]
[Site "Dresden"]
[Date "2023.05.06"]
[Round "2"]
[White "Heinatz, Gundula"]
[Black "Wong, Gengchun"]
[Result "0-1"]
[WhiteElo "2161"]
[BlackElo "2258"]
[PlyCount "179"]
[EventDate "2023.05.06"]
[EventType "swiss (rapid)"]
[EventRounds "7"]
[EventCountry "GER"]
[SourceTitle "CBM 214 Extra"]
[Source "ChessBase"]
[SourceDate "2023.07.31"]
[SourceVersion "1"]
[SourceVersionDate "2023.07.31"]
[SourceQuality "1"]

1. d4 Nf6 2. Bf4 d5 3. e3 c5 4. Nd2 Nc6 5. Ngf3 Nh5 6. Be5 f6 7. Bg3 Nxg3 8. hxg3 Qb6 9. dxc5 Qxb2 10. Bd3 f5 11. Rb1 Qc3 12. g4 e6 13. gxf5 exf5 14. Ng5 g6 15. Rxh7 Rxh7 16. Nxh7 Bxc5 17. Qf3 Nb4 18. Rb3 Qa1+ 19. Ke2 Bd7 20. a3 Nxd3 21. cxd3 0-0-0 22. Qxd5 Bb6 23. Ng5 Qf6 24. f4 Bc6 25. Qe6+ Qxe6 26. Nxe6 Re8 27. Ng5 Bxe3 28. Ngf3 Bxf4+ 29. Kf2 g5 30. Nc4 g4 31. Nd4 Bd7 32. Nb5 Re6 33. Nxa7+ Kb8 34. Nb5 g3+ 35. Kf3 Bxb5 36. Rxb5 Bc7 37. Rxf5 Re1 38. Rg5 Rf1+ 39. Ke4 Rg1 40. Ne3 Ra1 41. Nd5 Bd6 42. Ne3 Rxa3 43. Nf5 Ra4+ 44. d4 Bc7 45. Nxg3 b6 46. Ne2 Kb7 47. g4 Ra2 48. Nc3 Rg2 49. Rg7 Kc8 50. Nd5 Bd8 51. Ke5 b5 52. Kd6 Ra2 53. Nb6+ Bxb6 54. Kc6 Bd8 55. Kxb5 Rd2 56. Kc5 Bf6 57. Rg8+ Kd7 58. d5 Rc2+ 59. Kb5 Be7 60. Rg7 Rc5+ 61. Kb6 Rxd5 62. Rh7 Ke6 63. Kc6 Rd4 64. Rh6+ Kf7 65. Rh1 Rxg4 66. Rf1+ Kg6 67. Kd5 Bf6 68. Ke6 Re4+ 69. Kd5 Re2 70. Rf3 Re5+ 71. Kd6 Kf7 72. Rf1 Re6+ 73. Kd5 Ra6 74. Ke4 Ke6 75. Rb1 Ra4+ 76. Kf3 Kf5 77. Rb5+ Be5 78. Rb7 Ra3+ 79. Ke2 Ke4 80. Re7 Ra2+ 81. Ke1 Rb2 82. Re8 Rb1+ 83. Ke2 Rb2+ 84. Ke1 Rb5 85. Ke2 Ra5 86. Re7 Ra2+ 87. Ke1 Kd4 88. Rd7+ Ke3 89. Kd1 Bd4 90. Rc7 0-1

[Event "Mitropa Cup (Women)"]
[Site "Mali Losinj"]
[Date "2023.04.16"]
[Round "6.2"]
[White "Heinatz, Gundula"]
[Black "Benmesbah, Natacha"]
[Result "0-1"]
[WhiteElo "2203"]
[BlackElo "2256"]
[PlyCount "60"]
[EventDate "2023.04.11"]
[EventType "team-tourn"]
[EventRounds "9"]
[EventCountry "CRO"]
[SourceTitle "CBM 213 Extra"]
[Source "ChessBase"]
[SourceDate "2023.05.31"]
[SourceVersion "1"]
[SourceVersionDate "2023.05.31"]
[SourceQuality "1"]
[WhiteTeam "Switzerland (W)"]
[BlackTeam "France (W)"]
[WhiteTeamCountry "SUI"]
[BlackTeamCountry "FRA"]

1. d4 Nf6 2. Bf4 d6 3. Nc3 Nbd7 4. Nf3 c5 5. d5 Qa5 6. a4 Ne4 7. Bd2 Nxd2 8. Qxd2 g6 9. e4 Bg7 10. Ra3 Qb4 11. e5 Nxe5 12. Nxe5 Bxe5 13. Bb5+ Kf8 14. Rb3 Qh4 15. Ne2 a6 16. g3 Qh3 17. Bd3 Qg2 18. Rg1 Qxd5 19. Qh6+ Bg7 20. Qh4 g5 21. Bc4 Qf5 22. Qh5 Qg6 23. Qf3 Be5 24. Bd3 Qf6 25. Qh5 g4 26. Be4 Be6 27. Rb6 Bxb2 28. Bxb7 Bc3+ 29. Kf1 Rb8 30. Rb3 Bxb3 0-1

[Event "Lienz op 21st"]
[Site "Lienz"]
[Date "2023.02.17"]
[Round "8"]
[White "Kjartansson, Gudmundur"]
[Black "Heinatz, Gundula"]
[Result "1/2-1/2"]
[WhiteElo "2453"]
[BlackElo "2162"]
[PlyCount "107"]
[EventDate "2023.02.11"]
[EventType "swiss"]
[EventRounds "9"]
[EventCountry "AUT"]
[SourceTitle "CBM 212 Extra"]
[Source "ChessBase"]
[SourceDate "2023.03.31"]
[SourceVersion "1"]
[SourceVersionDate "2023.03.31"]
[SourceQuality "1"]

1. Nf3 d5 2. g3 c6 3. Bg2 Nf6 4. c4 g6 5. b3 Bg7 6. Bb2 Nbd7 7. 0-0 0-0 8. e3 Re8 9. d4 Ne4 10. Nc3 Nxc3 11. Bxc3 e6 12. Qc2 Qf6 13. Nd2 b6 14. e4 Bb7 15. Rac1 Rac8 16. b4 Qe7 17. Rfd1 h5 18. Qb3 Bh6 19. Rc2 dxc4 20. Nxc4 Ba6 21. Bb2 Bxc4 22. Rxc4 b5 23. Rc2 Nb6 24. Bf1 Red8 25. f4 Rd6 26. d5 Bg7 27. Bxg7 Kxg7 28. Bg2 Nc4 29. e5 Rxd5 30. Bxd5 cxd5 31. h4 Qb7 32. Qd3 d4 33. Qxd4 Ne3 34. Rf2 Nxd1 35. Qxd1 Qe4 36. Qd2 Rc4 37. a3 Rd4 38. Qe2 Qxe2 39. Rxe2 Rd3 40. Kg2 Rxa3 41. Rc2 Rb3 42. Ra2 Rxb4 43. Rxa7 Rb1 44. Ra8 b4 45. Rb8 b3 46. Kf2 b2 47. Kg2 g5 48. fxg5 Kg6 49. Rb7 Kg7 50. Rb8 Kh7 51. Rb4 Kg6 52. Rb7 Kg7 53. Rb8 Kh7 54. Rb4 1/2-1/2

[Event "Olympiad Women-44"]
[Site "Chennai"]
[Date "2022.07.29"]
[Round "1.2"]
[White "Heinatz, Gundula"]
[Black "Vilhete, Vania Fausto da T"]
[Result "1-0"]
[WhiteElo "2196"]
[BlackElo "1701"]
[PlyCount "77"]
[EventDate "2022.07.29"]
[EventType "team-swiss"]
[EventRounds "11"]
[EventCountry "IND"]
[SourceTitle "CBM 210"]
[Source "ChessBase"]
[SourceDate "2022.10.31"]
[SourceVersion "1"]
[SourceVersionDate "2022.10.31"]
[SourceQuality "1"]
[WhiteTeam "Switzerland (W)"]
[BlackTeam "Mozambique (W)"]
[WhiteTeamCountry "SUI"]
[BlackTeamCountry "MOZ"]

1. d4 d5 2. Nf3 e6 3. g3 Nf6 4. Bg2 c5 5. 0-0 Nc6 6. c4 dxc4 7. Ne5 Nxe5 8. dxe5 Qxd1 9. Rxd1 Nd7 10. f4 Be7 11. Na3 Nb6 12. Be3 c3 13. bxc3 0-0 14. Rab1 Rb8 15. c4 Na4 16. Rd3 a6 17. Bc6 b5 18. cxb5 axb5 19. Bxb5 Ra8 20. Nc4 Ba6 21. Bxa6 Rxa6 22. Rb7 Bd8 23. Ra3 Bb6 24. Nxb6 Rxb6 25. Rxb6 Nxb6 26. Bxc5 Ra8 27. Rxa8+ Nxa8 28. e4 f6 29. exf6 gxf6 30. Be7 Kf7 31. Bd8 f5 32. exf5 exf5 33. Kf2 Ke6 34. Ke3 Kd7 35. Ba5 Kc6 36. Kd4 Kd6 37. a4 h6 38. h3 h5 39. h4 1-0

[Event "Mitropa Cup (Women)"]
[Site "Corte"]
[Date "2022.05.06"]
[Round "7.2"]
[White "Heinatz, Gundula"]
[Black "Terbe, Zsuzsanna"]
[Result "1/2-1/2"]
[WhiteElo "2117"]
[BlackElo "2194"]
[PlyCount "60"]
[EventDate "2022.04.30"]
[EventType "team-tourn"]
[EventRounds "9"]
[EventCountry "FRA"]
[SourceTitle "CBM 208 Extra"]
[Source "ChessBase"]
[SourceDate "2022.07.31"]
[SourceVersion "1"]
[SourceVersionDate "2022.07.31"]
[SourceQuality "1"]
[WhiteTeam "Switzerland (W)"]
[BlackTeam "Hungary (W)"]
[WhiteTeamCountry "SUI"]
[BlackTeamCountry "HUN"]

1. d4 d5 2. Bf4 Nf6 3. e3 c5 4. c3 Nc6 5. Nd2 Bf5 6. Qb3 Qd7 7. Ngf3 c4 8. Qd1 e6 9. Ne5 Nxe5 10. Bxe5 Be7 11. Be2 0-0 12. g4 Be4 13. Rg1 Qc6 14. Nf1 Nd7 15. Bg3 b5 16. f3 Bg6 17. h4 b4 18. h5 Bd3 19. Bxd3 cxd3 20. Qxd3 bxc3 21. Qxc3 Qxc3+ 22. bxc3 Rfc8 23. Kd2 Rc6 24. Kd3 Rac8 25. Rc1 Nb6 26. Be1 Na4 27. Ng3 Nb2+ 28. Kc2 Nc4 29. Kd3 Nb2+ 30. Kc2 Nc4 1/2-1/2

[Event "SUI-chT"]
[Site "Switzerland"]
[Date "2021.12.11"]
[Round "8.8"]
[White "Heinatz, Gundula"]
[Black "Lang, Erich"]
[Result "1-0"]
[WhiteElo "2116"]
[BlackElo "2141"]
[PlyCount "63"]
[EventDate "2021.08.29"]
[EventType "team-tourn"]
[EventRounds "9"]
[EventCountry "SUI"]
[SourceTitle "EXT 2023"]
[Source "ChessBase"]
[SourceDate "2022.10.05"]
[SourceVersion "1"]
[SourceVersionDate "2022.10.05"]
[SourceQuality "1"]
[WhiteTeam "Trubschachen"]
[BlackTeam "Winterthur"]
[WhiteTeamCountry "SUI"]
[BlackTeamCountry "SUI"]

1. d4 d5 2. Bf4 g6 3. Nc3 Bg7 4. Qd2 Nf6 5. h4 Ne4 6. Nxe4 dxe4 7. c3 h5 8. Nh3 Bf5 9. e3 Nd7 10. Bc4 e5 11. Bg3 0-0 12. Ng5 Bf6 13. 0-0-0 Bxg5 14. hxg5 Bg4 15. Rdf1 Qxg5 16. f3 Bxf3 17. gxf3 Qxg3 18. Rhg1 Qh3 19. Rxg6+ Kh7 20. Rgg1 exf3 21. Qd3+ f5 22. Rh1 Qg2 23. Rfg1 e4 24. Qd1 Nf6 25. Rxg2 fxg2 26. Rxh5+ Nxh5 27. Qxh5+ Kg7 28. Qg5+ Kh7 29. Qxg2 Rf6 30. Qh2+ Kg6 31. Qg3+ Kh6 32. Qxc7 1-0

[Event "SUI-ch (Women)"]
[Site "Flims"]
[Date "2021.07.14"]
[Round "7"]
[White "Thode, Gilda"]
[Black "Heinatz, Gundula"]
[Result "1-0"]
[WhiteElo "1973"]
[BlackElo "2141"]
[PlyCount "77"]
[EventDate "2021.07.08"]
[EventType "tourn"]
[EventRounds "9"]
[EventCountry "SUI"]
[SourceTitle "EXT 2022"]
[Source "ChessBase"]
[SourceDate "2021.10.06"]
[SourceVersion "1"]
[SourceVersionDate "2021.10.06"]
[SourceQuality "1"]

1. Nf3 d5 2. d4 c6 3. c4 Nf6 4. Nc3 dxc4 5. a4 Bf5 6. e3 e6 7. Bxc4 Bb4 8. 0-0 Nbd7 9. Re1 0-0 10. Qb3 a5 11. Bd2 Qc7 12. Rac1 Rad8 13. e4 Bxc3 14. exf5 Bxd2 15. Nxd2 exf5 16. Re7 Qf4 17. Bxf7+ Kh8 18. Qe3 Qxe3 19. fxe3 Ng8 20. Bxg8 Kxg8 21. Nb3 f4 22. Nxa5 fxe3 23. Nxb7 Ra8 24. Rxd7 Rxa4 25. Nc5 Ra2 26. Nd3 Re8 27. Re1 Ra5 28. Ne5 Rb5 29. Rxe3 Rxb2 30. Rc3 Ra8 31. h3 h6 32. Rxc6 Ra1+ 33. Kh2 Rbb1 34. Rg6 Rh1+ 35. Kg3 Ra3+ 36. Nf3 h5 37. Rgxg7+ Kh8 38. Rh7+ Kg8 39. Rxh5 1-0

[Event "SUI-ch (Women)"]
[Site "Flims"]
[Date "2021.07.10"]
[Round "3"]
[White "Georgescu, Lena"]
[Black "Heinatz, Gundula"]
[Result "1/2-1/2"]
[WhiteElo "2257"]
[BlackElo "2141"]
[PlyCount "108"]
[EventDate "2021.07.08"]
[EventType "tourn"]
[EventRounds "9"]
[EventCountry "SUI"]
[SourceTitle "EXT 2022"]
[Source "ChessBase"]
[SourceDate "2021.10.06"]
[SourceVersion "1"]
[SourceVersionDate "2021.10.06"]
[SourceQuality "1"]

1. e4 c6 2. d4 d5 3. exd5 cxd5 4. c4 Nf6 5. Nc3 Nc6 6. Bg5 Be6 7. a3 g6 8. Bxf6 exf6 9. g3 Bg7 10. Bg2 Ne7 11. c5 0-0 12. Nge2 Qd7 13. 0-0 Rad8 14. b4 h5 15. Nf4 h4 16. Re1 Nf5 17. Ncxd5 g5 18. Nxe6 fxe6 19. Nc3 Nxd4 20. Ne4 Qc7 21. Nd6 f5 22. Nxb7 h3 23. Bh1 g4 24. Nd6 Rxd6 25. cxd6 Qxd6 26. Rc1 Qb6 27. Rc5 Rd8 28. Qc1 Nb3 29. Qc4 Nd4 30. Rc8 Kh7 31. Rxd8 Qxd8 32. Kf1 Qb6 33. Rc1 Qd6 34. a4 Qb6 35. b5 Qa5 36. Rd1 e5 37. Bd5 Qb6 38. Bg8+ Kh6 39. Bf7 Kh7 40. Qc8 Qf6 41. Bd5 Qb6 42. Rc1 Qd6 43. Qc5 Qd8 44. Rd1 Qa5 45. Qc4 Qb6 46. Qc8 Kh6 47. Qa6 Qxa6 48. bxa6 e4 49. Rc1 Be5 50. Rc8 Nf3 51. Rc6+ Kg7 52. Ke2 Nd4+ 53. Ke3 Nxc6 54. Bxc6 Kf6 1/2-1/2

[Event "Mitropa Cup Online (Women)"]
[Site "Tornelo INT"]
[Date "2021.05.08"]
[Round "5.3"]
[White "Monpeurt, Cyrielle"]
[Black "Heinatz, Gundula"]
[Result "0-1"]
[WhiteElo "2166"]
[BlackElo "2131"]
[PlyCount "68"]
[EventDate "2021.05.04"]
[EventType "team-tourn"]
[EventRounds "9"]
[EventCountry "SUI"]
[SourceTitle "CBM 202 Extra"]
[Source "ChessBase"]
[SourceDate "2021.07.31"]
[SourceVersion "1"]
[SourceVersionDate "2021.07.31"]
[SourceQuality "1"]
[WhiteTeam "France (W)"]
[BlackTeam "Switzerland (W)"]
[WhiteTeamCountry "FRA"]
[BlackTeamCountry "SUI"]

1. e4 c6 2. d4 d5 3. Nc3 dxe4 4. Nxe4 Bf5 5. Ng3 Bg6 6. h4 h6 7. Nh3 Nf6 8. Nf4 Bh7 9. Bc4 e6 10. 0-0 Nd5 11. Bxd5 cxd5 12. Re1 Nc6 13. Qg4 Qd7 14. c3 0-0-0 15. h5 Rg8 16. Qd1 Bd6 17. b4 Qc7 18. Nge2 Rde8 19. Be3 g6 20. g3 g5 21. Nd3 Be4 22. c4 dxc4 23. Nc5 Bf3 24. Qc2 f5 25. b5 Nb4 26. Qxc4 Nd5 27. Rac1 Kb8 28. Qb3 Qf7 29. Bxg5 Qxh5 30. Bh4 Bxe2 31. Nxe6 Bf3 32. Qd3 Bxg3 33. fxg3 Rxg3+ 34. Kf1 Qxh4 0-1

[Event "EU-chT (Women) 22nd"]
[Site "Batumi"]
[Date "2019.10.25"]
[Round "2.12"]
[White "Sieber, Fiona"]
[Black "Heinatz, Gundula"]
[Result "1-0"]
[WhiteElo "2252"]
[BlackElo "2175"]
[PlyCount "101"]
[EventDate "2019.10.24"]
[EventType "team-swiss"]
[EventRounds "9"]
[EventCountry "GEO"]
[SourceTitle "CBM 192 Extra"]
[Source "Chessbase"]
[SourceDate "2019.11.06"]
[SourceVersion "1"]
[SourceVersionDate "2019.11.06"]
[SourceQuality "1"]
[WhiteTeam "Germany (W)"]
[BlackTeam "Switzerland (W)"]
[WhiteTeamCountry "GER"]
[BlackTeamCountry "SUI"]

1. e4 c5 2. Nf3 Nc6 3. d4 cxd4 4. Nxd4 g6 5. c4 Nf6 6. Nc3 Nxd4 7. Qxd4 d6 8. Bg5 Bg7 9. Qd2 0-0 10. Bd3 Be6 11. 0-0 Rc8 12. b3 a6 13. Rac1 Re8 14. Kh1 Qa5 15. Rfe1 Ng4 16. Nd1 Qxd2 17. Bxd2 Bd4 18. Kg1 Ne5 19. Bf1 Bd7 20. Nc3 Ng4 21. Nd1 b5 22. Bc3 Bb6 23. h3 Ne5 24. Ne3 e6 25. Bxe5 dxe5 26. Ng4 Kg7 27. Nxe5 Red8 28. Red1 Be8 29. Rxd8 Bxd8 30. c5 f6 31. Nd3 a5 32. a3 Bc6 33. f3 Bc7 34. Kf2 g5 35. g3 h5 36. h4 gxh4 37. gxh4 Kf7 38. Bh3 Rd8 39. Ke3 Bg3 40. Rh1 Rg8 41. Nf4 f5 42. exf5 e5 43. Ng6 Bd5 44. Rd1 Bc6 45. Rd6 Rc8 46. f6 Rb8 47. Ne7 Be8 48. Nf5 Bf4+ 49. Ke4 b4 50. a4 Kf8 51. c6 1-0

[Event "Vienna op"]
[Site "Vienna"]
[Date "2019.08.20"]
[Round "5"]
[White "Heinatz, Gundula"]
[Black "Schreiner, Peter"]
[Result "1/2-1/2"]
[WhiteElo "2124"]
[BlackElo "2481"]
[PlyCount "50"]
[EventDate "2019.08.17"]
[EventType "swiss"]
[EventRounds "9"]
[EventCountry "AUT"]
[SourceTitle "EXT 2020"]
[Source "ChessBase"]
[SourceDate "2019.10.17"]
[SourceVersion "1"]
[SourceVersionDate "2019.10.17"]
[SourceQuality "1"]

1. d4 Nf6 2. Nf3 g6 3. Bg5 Bg7 4. c3 0-0 5. Nbd2 d5 6. e3 Nbd7 7. Bd3 Re8 8. 0-0 e5 9. e4 exd4 10. cxd4 dxe4 11. Nxe4 h6 12. Qb3 Re6 13. Rae1 Qf8 14. Nxf6+ Nxf6 15. Bxf6 Rxf6 16. Bc4 Rb6 17. Qe3 Be6 18. d5 Bd7 19. Ne5 Bb5 20. b3 Re8 21. Qg3 Qd6 22. f4 Qc5+ 23. Kh1 Bxc4 24. bxc4 Rd6 25. h4 Rf8 1/2-1/2

[Event "SUI-ch (Women) 119th"]
[Site "Leukerbad"]
[Date "2019.07.19"]
[Round "10"]
[White "Heinatz, Gundula"]
[Black "Georgescu, Lena"]
[Result "0-1"]
[WhiteElo "2146"]
[BlackElo "2256"]
[PlyCount "86"]
[EventDate "2019.07.11"]
[EventType "tourn"]
[EventRounds "10"]
[EventCountry "SUI"]
[SourceTitle "EXT 2020"]
[Source "ChessBase"]
[SourceDate "2019.10.17"]
[SourceVersion "1"]
[SourceVersionDate "2019.10.17"]
[SourceQuality "1"]

1. d4 Nf6 2. Nf3 e6 3. Bg5 c5 4. e3 Be7 5. Bd3 b6 6. Nbd2 Bb7 7. Bxf6 Bxf6 8. Qe2 Nc6 9. c3 Qc7 10. 0-0 cxd4 11. exd4 0-0 12. Ne4 Be7 13. Rac1 Rae8 14. c4 Qb8 15. a3 f5 16. Nc3 Bf6 17. Qe3 g6 18. Bb1 Bg7 19. Rcd1 e5 20. d5 Nd4 21. Ng5 Qd8 22. h4 h6 23. Nf3 Nxf3+ 24. Qxf3 Qxh4 25. Nb5 e4 26. g3 Qg5 27. Qf4 Qxf4 28. gxf4 Bxb2 29. Rfe1 Ba6 30. Nd6 Ra8 31. Re3 Rf6 32. Nb5 Bxb5 33. cxb5 Rc8 34. f3 Bc1 35. Ree1 Bxf4 36. fxe4 fxe4 37. Bxe4 Bd6 38. a4 Rc4 39. Ra1 Kf7 40. a5 bxa5 41. Re2 a4 42. Kg2 a3 43. Bf3 Rc3 0-1

[Event "SUI-ch (Women) 119th"]
[Site "Leukerbad"]
[Date "2019.07.16"]
[Round "7"]
[White "Sedina, Elena"]
[Black "Heinatz, Gundula"]
[Result "1/2-1/2"]
[WhiteElo "2288"]
[BlackElo "2146"]
[PlyCount "63"]
[EventDate "2019.07.11"]
[EventType "tourn"]
[EventRounds "10"]
[EventCountry "SUI"]
[SourceTitle "EXT 2020"]
[Source "ChessBase"]
[SourceDate "2019.10.17"]
[SourceVersion "1"]
[SourceVersionDate "2019.10.17"]
[SourceQuality "1"]

1. e4 g6 2. d4 Bg7 3. Nf3 d6 4. c3 Nf6 5. Bd3 0-0 6. 0-0 Nc6 7. h3 e5 8. Re1 Re8 9. d5 Ne7 10. c4 Nh5 11. Nc3 h6 12. Rb1 a6 13. b4 Nf4 14. Bf1 g5 15. Nh2 Rf8 16. Be3 f5 17. b5 axb5 18. c5 fxe4 19. cxd6 Qxd6 20. Nxb5 Qd8 21. d6 cxd6 22. Nxd6 Nd3 23. Nxc8 Rxc8 24. Qb3+ Qd5 25. Red1 Qxb3 26. Rxb3 Nd5 27. Bxd3 Nxe3 28. fxe3 exd3 29. Rbxd3 e4 30. R3d2 Rc3 31. Nf1 Ra3 32. Rb1 1/2-1/2

[Event "SUI-ch (Women) 119th"]
[Site "Leukerbad"]
[Date "2019.07.13"]
[Round "3"]
[White "De Seroux, Camille"]
[Black "Heinatz, Gundula"]
[Result "0-1"]
[WhiteElo "2164"]
[BlackElo "2146"]
[PlyCount "106"]
[EventDate "2019.07.11"]
[EventType "tourn"]
[EventRounds "10"]
[EventCountry "SUI"]
[SourceTitle "EXT 2020"]
[Source "ChessBase"]
[SourceDate "2019.10.17"]
[SourceVersion "1"]
[SourceVersionDate "2019.10.17"]
[SourceQuality "1"]

1. e4 g6 2. d4 Bg7 3. Nc3 d6 4. Be3 a6 5. Qd2 Nd7 6. h4 h5 7. f3 b5 8. Nh3 Nb6 9. Ng5 Nh6 10. a4 b4 11. Nd1 a5 12. d5 Bd7 13. Bd4 Bf6 14. b3 c5 15. dxc6 Bxc6 16. Ne3 Rb8 17. Rd1 Nd7 18. Bxf6 Nxf6 19. Bc4 Qb6 20. Qd4 Qxd4 21. Rxd4 0-0 22. Kf2 Rbc8 23. Rhd1 Kg7 24. Bf1 Bb7 25. R1d2 Rc5 26. Rc4 Rfc8 27. Nh3 Nd7 28. Nf4 Ne5 29. Rxc5 Rxc5 30. Nd3 Nxd3+ 31. Rxd3 f5 32. exf5 gxf5 33. Rd2 f4 34. Nc4 Nf5 35. Re2 Kf6 36. Rd2 Nxh4 37. Nb2 Ng6 38. Bd3 Ne5 39. Ke2 d5 40. Rd1 h4 41. Rh1 Kg5 42. Kd2 Bc8 43. Bh7 Rc7 44. Re1 Kf6 45. Rh1 h3 46. gxh3 Nxf3+ 47. Kd1 e5 48. Bd3 e4 49. Bf1 Nd4 50. Rh2 f3 51. Rd2 Nf5 52. Ke1 d4 53. Nc4 e3 0-1

[Event "SUI-ch (Women) 119th"]
[Site "Leukerbad"]
[Date "2019.07.12"]
[Round "2"]
[White "Heinatz, Gundula"]
[Black "Sedina, Elena"]
[Result "0-1"]
[WhiteElo "2146"]
[BlackElo "2288"]
[PlyCount "50"]
[EventDate "2019.07.11"]
[EventType "tourn"]
[EventRounds "10"]
[EventCountry "SUI"]
[SourceTitle "EXT 2020"]
[Source "ChessBase"]
[SourceDate "2019.10.17"]
[SourceVersion "1"]
[SourceVersionDate "2019.10.17"]
[SourceQuality "1"]

1. d4 Nf6 2. Nf3 c5 3. d5 b5 4. Bf4 Bb7 5. d6 Qb6 6. Be5 Nc6 7. Bxf6 exf6 8. Nc3 Ne5 9. e4 Nxf3+ 10. Qxf3 b4 11. Nb5 Bxd6 12. 0-0-0 Be5 13. Qg4 0-0 14. f4 Qe6 15. Qh4 Bb8 16. e5 fxe5 17. fxe5 Qxe5 18. Kb1 a6 19. Bd3 g6 20. Rde1 Qf4 21. Qe7 axb5 22. Qxd7 Qc7 23. Qxb5 Bxg2 24. Rhg1 Bd5 25. Bf5 Bxa2+ 0-1